[Event "British Rapidplay"]
[Site "Halifax ENG"]
[Date "2010.11.21"]
[Round "7"]
[White "Haslinger, Stewart G"]
[Black "Turner, Matthew J"]
[Result "1-0"]
[WhiteTitle "GM"]
[BlackTitle "GM"]
[WhiteElo "2543"]
[BlackElo "2517"]
[WhiteFideId "405248"]
[BlackFideId "402893"]
[EventDate "2010.11.20"]

1. e4 e5 2. Nf3 Nc6 3. d4 exd4 4. Nxd4 Bb4+ 5. c3 Bc5 6. Be3 Bb6 7. Qg4 Qf6 8.
Qg3 Nxd4 9. cxd4 Qg6 10. Nc3 Ne7 11. Bc4 d6 12. O-O-O Be6 13. Qxg6 Nxg6 14. Be2
O-O 15. f4 f5 16. g4 Nxf4 17. Bxf4 fxe4 18. Rhf1 d5 19. Na4 Rf7 20. Be3 Raf8 21.
Rxf7 Rxf7 22. b4 c6 23. Nxb6 axb6 24. a4 Kf8 25. Kb2 Ke7 26. Ra1 Kd7 27. a5 bxa5
28. Rxa5 Rf8 29. Kc3 Kc7 30. Ra1 g6 31. h4 Kd7 32. Rh1 Ra8 33. Kb2 b6 34. h5 c5
35. hxg6 hxg6 36. Rh7+ Kd6 37. Bf4+ Kc6 38. b5# 1-0

[Event "British Rapidplay"]
[Site "Halifax ENG"]
[Date "2010.11.21"]
[Round "7"]
[White "Sherwin, James T"]
[Black "Shaw, Peter"]
[Result "1/2-1/2"]
[WhiteTitle "IM"]
[WhiteElo "2246"]
[BlackElo "2166"]
[WhiteFideId "2000997"]
[BlackFideId "411361"]
[EventDate "2010.11.20"]

1. d4 d5 2. Nf3 Nf6 3. c4 c6 4. Nc3 a6 5. cxd5 cxd5 6. Bf4 Nc6 7. e3 Bg4 8. Be2
e6 9. h3 Bxf3 10. Bxf3 Bd6 11. Bxd6 Qxd6 12. O-O O-O 13. Rc1 Rfc8 14. Na4 Nd7
15. Nc5 Nxc5 16. dxc5 Qe7 17. Be2 Rd8 18. a3 d4 19. exd4 Nxd4 20. Qd3 Rd5 21.
Bf3 Nxf3+ 22. Qxf3 Rad8 23. c6 bxc6 24. Rxc6 a5 25. Rfc1 g6 26. Rc7 Rd1+ 27.
Rxd1 Rxd1+ 28. Qxd1 Qxc7 29. b4 axb4 30. axb4 Qc4 31. Qd6 Kg7 32. f4 h5 33. h4
Kh7 34. Kf2 Qc2+ 35. Kg3 Qc3+ 36. Kh2 Qe1 37. Qe7 Kg7 38. b5 Qf1 39. b6 Qxf4+
40. Kh1 Qf1+ 1/2-1/2

[Event "British Rapidplay"]
[Site "Halifax ENG"]
[Date "2010.11.21"]
[Round "7"]
[White "Burnett, Jim"]
[Black "Summerscale, Aaron P"]
[Result "0-1"]
[BlackTitle "GM"]
[WhiteElo "2186"]
[BlackElo "2434"]
[WhiteFideId "402273"]
[BlackFideId "400980"]
[EventDate "2010.11.20"]

1. d4 d5 2. c4 e6 3. Nc3 Nf6 4. Bg5 Be7 5. e3 h6 6. Bh4 O-O 7. Nf3 Ne4 8. Bxe7
Qxe7 9. cxd5 Nxc3 10. bxc3 exd5 11. Bd3 c5 12. O-O Nc6 13. Rc1 c4 14. Bb1 b5 15.
Re1 f5 16. Nd2 Be6 17. f3 Qg5 18. e4 Rad8 19. exd5 Bxd5 20. Nf1 Rde8 21. Qd2
Qxd2 22. Nxd2 b4 23. cxb4 Nxd4 24. Kf1 Rxe1+ 25. Kxe1 Rc8 26. Nf1 Re8+ 27. Kd1
g6 28. Nd2 Re2 29. Nxc4 Rxg2 30. Ne5 Nxf3 31. Rc8+ Kg7 32. Nxf3 Bxf3+ 33. Kc1
Rxh2 34. Rc7+ Kf6 35. Rxa7 h5 36. b5 h4 37. a4 h3 38. b6 Re2 39. b7 h2 40. b8=Q
Re3 0-1

[Event "British Rapidplay"]
[Site "Halifax ENG"]
[Date "2010.11.21"]
[Round "7"]
[White "Hart, David P O"]
[Black "Burns-Mannion, Stephen R"]
[Result "1-0"]
[BlackTitle "IM"]
[WhiteElo "2018"]
[BlackElo "2353"]
[WhiteFideId "412465"]
[BlackFideId "2400111"]
[EventDate "2010.11.20"]

1. e4 e5 2. Nf3 Nc6 3. Bb5 a6 4. Ba4 Nf6 5. O-O Be7 6. Re1 b5 7. Bb3 d6 8. c3
O-O 9. h3 Na5 10. Bc2 c5 11. d4 Nd7 12. dxc5 dxc5 13. Nbd2 Re8 14. Nf1 Bb7 15.
Qe2 Nc4 16. a4 Nd6 17. Rd1 Qc7 18. Ne3 Nf6 19. Nd5 Nxd5 20. exd5 Bf6 21. axb5
axb5 22. Rxa8 Bxa8 23. Ng5 h6 24. Ne4 Nxe4 25. Qxe4 Qd6 26. f4 Kf8 27. fxe5 Qxe5
28. Qxe5 Bxe5 29. Kf2 Ke7 30. Be3 Kd6 31. b4 cxb4 32. cxb4 Bg3+ 33. Kxg3 Rxe3+
34. Kf2 Re5 35. Ra1 Bxd5 36. Ra6+ Kc7 37. Bd3 Be6 38. Kf3 Kb7 39. Rd6 Rd5 40.
Be4 Kc7 41. Rxd5 Bxd5 42. Bxd5 f6 43. Ke4 Kd6 44. Bf7 Ke7 45. Bh5 Ke6 46. Be2
f5+ 47. Kf4 g5+ 48. Ke3 Kd5 49. Bxb5 f4+ 50. Kd3 h5 51. Be8 g4 52. Bxh5 f3 53.
gxf3 gxh3 54. f4 Kd6 55. Bf3 Ke6 56. b5 Kd6 57. b6 h2 58. b7 Kc7 59. f5 1-0

[Event "British Rapidplay"]
[Site "Halifax ENG"]
[Date "2010.11.21"]
[Round "7"]
[White "Surtees, Mike J"]
[Black "Rabbitte, Liam F"]
[Result "0-1"]
[WhiteElo "2151"]
[BlackElo "2034"]
[WhiteFideId "412619"]
[BlackFideId "470902"]
[EventDate "2010.11.20"]

1. e4 c6 2. Ne2 g6 3. d4 Bg7 4. h4 h5 5. c4 d5 6. cxd5 cxd5 7. e5 Nc6 8. Nbc3
Nh6 9. Ng3 Nf5 10. Nxf5 Bxf5 11. Bb5 O-O 12. O-O e6 13. Bg5 Qb6 14. Bxc6 bxc6
15. Na4 Qb4 16. a3 Qb5 17. Rc1 Rfc8 18. Rc5 Qb7 19. Rc3 Bf8 20. Qd2 Rab8 21. Bf6
Kh7 22. b4 a5 23. bxa5 Qb5 24. Nc5 Bh6 25. Bg5 Bg7 26. a6 Rc7 27. Rb3 Qxb3 28.
Nxb3 Rxb3 29. Qa5 Ra7 30. Be7 Bd3 31. Qc5 Rxa6 32. Rc1 Bc4 33. Bf6 Raxa3 34.
Bxg7 Kxg7 35. Qxc6 Ra7 36. Kh2 Rbb7 37. Qc8 Rc7 38. Qd8 Rd7 39. Qf6+ Kg8 40. Rb1
Ra8 41. f3 Rda7 42. g4 Bd3 43. Rb2 hxg4 44. fxg4 Be4 45. h5 Ra2 46. Rxa2 Rxa2+
47. Kg3 Rg2+ 48. Kh3 gxh5 49. gxh5 Rg7 50. Qf4 Bf5+ 51. Kh2 Rg4 52. Qf2 Kh7 53.
Qd2 Rh4+ 54. Kg3 Rxh5 55. Qf4 Rh6 56. Kf2 Rg6 57. Qh2+ Kg7 58. Qf4 Rg4 0-1

[Event "British Rapidplay"]
[Site "Halifax ENG"]
[Date "2010.11.21"]
[Round "8"]
[White "Howell, David W L"]
[Black "Palliser, Richard J D"]
[Result "1-0"]
[WhiteTitle "GM"]
[BlackTitle "IM"]
[WhiteElo "2611"]
[BlackElo "2445"]
[WhiteFideId "410608"]
[BlackFideId "407372"]
[EventDate "2010.11.20"]

1. e4 c5 2. Nf3 d6 3. d4 cxd4 4. Nxd4 Nf6 5. Nc3 a6 6. a4 Nc6 7. h3 e5 8. Nde2
Be6 9. f4 d5 10. f5 Bc8 11. exd5 Nb4 12. Ng3 Nfxd5 13. Nxd5 Qxd5 14. c3 Qxd1+
15. Kxd1 Nc6 16. Be3 h5 17. h4 Ne7 18. Bd3 Nd5 19. Bg5 Bd7 20. Be4 Bc6 21. Ke2
f6 22. Bd2 O-O-O 23. Rhd1 Bc5 24. b4 Bb6 25. Kf3 Ne7 26. Bxc6 bxc6 27. Be1 g6
28. fxg6 Rdg8 29. Rd6 Rxg6 30. Rad1 Bc7 31. Re6 Rd8 32. Rxd8+ Kxd8 33. Nxh5 f5
34. Rxg6 Nxg6 35. Ng7 e4+ 36. Ke2 Nf4+ 37. Kf1 e3 38. g3 e2+ 39. Kf2 Nd3+ 40.
Kxe2 Nxe1 41. Kxe1 Bxg3+ 42. Ke2 Bxh4 43. Nxf5 Bf6 44. Kd3 Kc7 45. Kc4 Be5 46.
Nd4 Bd6 47. Ne6+ Kb7 48. a5 Kb8 49. Kd4 Kb7 50. Ke4 Kb8 51. Kf5 Kb7 52. Nc5+ Ka7
53. Ke6 Bf4 54. Kd7 Bd2 55. Ne4 Be1 56. Kxc6 Bh4 57. Kc5 Be1 58. c4 Bh4 59. Nc3
Bf2+ 60. Kc6 Bd4 61. Nd5 Bf2 62. c5 Bh4 63. Kd7 Bg3 64. c6 1-0

[Event "British Rapidplay"]
[Site "Halifax ENG"]
[Date "2010.11.21"]
[Round "8"]
[White "Kostic, Misa"]
[Black "Hebden, Mark L"]
[Result "0-1"]
[BlackTitle "GM"]
[WhiteElo "2246"]
[BlackElo "2560"]
[WhiteFideId "929662"]
[BlackFideId "400084"]
[EventDate "2010.11.20"]

1. e4 e5 2. Nf3 Nc6 3. Bb5 a6 4. Bxc6 dxc6 5. Nc3 f6 6. d4 Bg4 7. dxe5 Qxd1+ 8.
Kxd1 O-O-O+ 9. Ke2 Bb4 10. Bf4 Bxc3 11. bxc3 fxe5 12. Bxe5 Nf6 13. Bxf6 gxf6 14.
Ke3 Rde8 15. Kf4 Rhg8 16. h3 Bd7 17. g4 c5 18. Nh4 Re5 19. Rad1 Rge8 20. f3 c4
21. Rd4 Ra5 22. Ra1 Ra3 23. Rxc4 Be6 24. Rc5 b6 25. Rh5 Re7 26. Nf5 Rd7 27. Nd4
Bc4 28. Rh6 Rxc3 29. Nf5 Rxc2 30. Rxf6 Rxa2 31. Rc1 b5 32. Ne3 Bb3 33. Rc3 Bf7
34. e5 b4 35. Rc5 b3 36. e6 Rd4+ 37. Kg3 Bg6 38. Rc3 b2 39. Rb3 Ra3 40. Rf8+ Rd8
41. Rxd8+ Kxd8 42. Rb8+ Ke7 43. Nd5+ Kd6 44. e7 Kxd5 45. Rxb2 Re3 46. Ra2 Rxe7
47. Rxa6 c5 48. f4 Bd3 49. Ra8 c4 50. Rc8 Re3+ 51. Kh4 Bf1 52. f5 Rxh3+ 53. Kg5
Bd3 54. f6 Rf3 55. Rd8+ Kc5 56. Rc8+ Kd4 57. Rc7 Bg6 58. Rc6 c3 59. Kh6 Be4 60.
Rd6+ Ke5 0-1

[Event "British Rapidplay"]
[Site "Halifax ENG"]
[Date "2010.11.21"]
[Round "8"]
[White "Turner, Matthew J"]
[Black "Summerscale, Aaron P"]
[Result "1/2-1/2"]
[WhiteTitle "GM"]
[BlackTitle "GM"]
[WhiteElo "2517"]
[BlackElo "2434"]
[WhiteFideId "402893"]
[BlackFideId "400980"]
[EventDate "2010.11.20"]

1. c4 e6 2. g3 d5 3. Nf3 Nf6 4. Bg2 dxc4 5. Qa4+ Nbd7 6. O-O a6 7. Qxc4 b5 8.
Qc2 Bb7 9. a4 c5 10. d4 Qb6 11. axb5 axb5 12. Rxa8+ Bxa8 13. Na3 Be7 14. dxc5
Bxc5 15. b4 Bxb4 16. Be3 Qd8 17. Nxb5 O-O 18. Rc1 Qa5 19. Nbd4 Qa6 20. Qc4 Qxc4
21. Rxc4 Bd6 22. Nb5 Bb8 23. Nfd4 Bxg2 24. Kxg2 Nd5 25. Bd2 Be5 26. Nc6 Bf6 27.
e4 N5b6 28. Rc2 Ne5 29. Nxe5 Bxe5 30. Be3 Nd7 31. f4 Bb8 32. e5 f6 33. Rd2 Rf7
34. f5 Nxe5 35. fxe6 Rf8 36. Ra2 Nc6 37. Bc5 Re8 38. Ra8 Rxe6 39. Nd4 Nxd4 40.
Rxb8+ Kf7 41. Bxd4 Re2+ 42. Bf2 h5 43. Rb7+ Kg6 44. h3 Ra2 45. Kf3 Ra3+ 46. Be3
Rc3 47. Re7 Ra3 48. h4 Rb3 49. Ke4 Ra3 50. Ra7 Rb3 51. Bf4 Rb1 52. Kd5 Rd1+ 53.
Ke6 Re1+ 54. Kd6 Re2 55. Kd5 Re1 56. Kd6 Re2 57. Rd7 Re1 58. Kc7 Re8 59. Bd6 Ra8
60. Kc6 Re8 61. Kd5 Ra8 62. Ke6 Re8+ 63. Be7 Ra8 64. Rd3 Rb8 65. Rd8 Rb3 66. Bd6
Re3+ 67. Kd5 Kf5 68. Rh8 Rd3+ 69. Kc6 Ke6 70. Bf4 Rc3+ 71. Kb5 g6 72. Rf8 g5 73.
hxg5 fxg5 74. Bxg5 Rxg3 75. Bd8 Rd3 76. Kc4 Rd1 77. Bg5 Rg1 78. Be3 Rh1 79. Kd4
Rh4+ 80. Bf4 Ke7 81. Rf5 Ke6 82. Ke4 Rh1 83. Ra5 h4 84. Ra6+ Kd7 85. Rd6+ Ke7
86. Kf5 h3 87. Rd3 Rf1 88. Rxh3 Kd7 89. Rc3 Re1 90. Rc7+ Kd8 91. Rh7 Kc8 92. Be5
Rg1 93. Ke6 Re1 94. Rc7+ Kd8 95. Rb7 Rc1 96. Bf4 Rc6+ 97. Bd6 Rc1 98. Rh7 Re1+
99. Be5 Kc8 100. Rc7+ Kd8 101. Rc2 Re3 102. Kf5 Re1 103. Bf6+ 1/2-1/2

[Event "British Rapidplay"]
[Site "Halifax ENG"]
[Date "2010.11.21"]
[Round "8"]
[White "Raoof, Adam N"]
[Black "Woolley, Jos"]
[Result "0-1"]
[WhiteElo "2149"]
[BlackElo "2099"]
[WhiteFideId "405230"]
[BlackFideId "410250"]
[EventDate "2010.11.20"]

1. d4 d6 2. h3 Nc6 3. Nf3 g6 4. Bf4 Bg7 5. e3 e5 6. Bh2 exd4 7. exd4 Nge7 8. Be2
O-O 9. O-O a5 10. c3 a4 11. Na3 h6 12. Re1 Be6 13. Bc4 Bxc4 14. Nxc4 Nd5 15. Qd2
Qf6 16. Ne3 Nxe3 17. Qxe3 Qf5 18. Qf4 Qb5 19. Qd2 Rfe8 20. Bf4 Kh7 21. Rab1 Qf5
22. Be3 Ne7 23. c4 d5 24. c5 Nc6 25. b4 axb3 26. axb3 Re4 27. Ra1 Rae8 28. Red1
g5 29. b4 g4 30. hxg4 Rxg4 31. Kf1 Qg6 32. g3 Ree4 33. Kg2 Ne7 34. Rh1 Nf5 35.
Ng5+ Rxg5 36. Bxg5 Rxd4 37. Qe2 Qxg5 38. Rad1 Rxd1 39. Rxd1 c6 40. b5 h5 41.
bxc6 bxc6 42. Rh1 Kg6 43. Qe8 Nd4 44. Qd7 Qf6 45. f4 Qe6 46. Qd8 Qe2+ 47. Kh3
Qg4+ 48. Kg2 Nf5 0-1

[Event "British Rapidplay"]
[Site "Halifax ENG"]
[Date "2010.11.21"]
[Round "9"]
[White "Hart, David P O"]
[Black "Howell, David W L"]
[Result "0-1"]
[BlackTitle "GM"]
[WhiteElo "2018"]
[BlackElo "2611"]
[WhiteFideId "412465"]
[BlackFideId "410608"]
[EventDate "2010.11.20"]

1. e4 e5 2. Nf3 Nc6 3. Bb5 Nge7 4. c3 g6 5. d4 exd4 6. cxd4 a6 7. Ba4 b5 8. Bb3
Bg7 9. O-O O-O 10. Bg5 h6 11. Be3 Na5 12. Nbd2 Nxb3 13. Nxb3 f5 14. exf5 Rxf5
15. Nc5 d6 16. Qb3+ Nd5 17. g4 dxc5 18. gxf5 c4 19. Qd1 Bxf5 20. Qd2 Kh7 21. Ne5
c5 22. Rad1 Qh4 23. f3 Re8 24. Bf2 Qf4 25. Bg3 Qxd4+ 26. Qxd4 cxd4 27. Rxd4 Ne3
28. f4 Nxf1 29. Kxf1 g5 30. Rd5 Be4 31. Rd7 gxf4 32. Bh4 Rxe5 33. Bf6 Rg5 34.
Bxg5 hxg5 35. Ra7 Kg6 36. Rxa6+ Kh5 37. Rb6 Bxb2 38. Rxb5 c3 39. Rc5 c2 0-1

[Event "British Rapidplay"]
[Site "Halifax ENG"]
[Date "2010.11.21"]
[Round "9"]
[White "Hebden, Mark L"]
[Black "Turner, Matthew J"]
[Result "1-0"]
[WhiteTitle "GM"]
[BlackTitle "GM"]
[WhiteElo "2560"]
[BlackElo "2517"]
[WhiteFideId "400084"]
[BlackFideId "402893"]
[EventDate "2010.11.20"]

1. d4 d5 2. Nf3 Nf6 3. c4 c6 4. e3 e6 5. Bd3 Nbd7 6. b3 Bd6 7. Bb2 Qa5+ 8. Nbd2
Ba3 9. Bxa3 Qxa3 10. O-O O-O 11. Re1 a5 12. Qb1 Qe7 13. Ne5 h6 14. Qb2 c5 15.
Rac1 a4 16. Nxd7 Nxd7 17. cxd5 exd5 18. Bb5 axb3 19. axb3 cxd4 20. Bxd7 Bxd7 21.
Qxd4 Be6 22. Nf3 Ra2 23. h3 Rfa8 24. Qe5 R8a6 25. Nd4 Qg5 26. Qxg5 hxg5 27. Rc7
Rb6 28. Rec1 Kh7 29. Re7 Rd2 30. Nf3 Rb2 31. Nxg5+ Kg6 32. Nxe6 Rxe6 33. Rxb7
Rf6 34. Rf1 Kf5 35. Rb4 g5 36. g4+ Kg6 37. Kg2 Rc6 38. Rd4 Rc5 39. b4 Rb5 40.
Rfd1 R2xb4 41. Rxb4 Rxb4 42. Rxd5 f6 43. Kg3 Rb1 44. Kg2 Ra1 45. Rd8 Kg7 46. Rd6
Rb1 47. f4 Re1 48. Rd7+ Kg8 49. fxg5 fxg5 50. Re7 Kf8 51. Re5 Kf7 52. Rxg5 Rxe3
53. Rf5+ Kg6 54. Rf3 Re6 55. Kg3 Ra6 56. h4 Rb6 57. h5+ Kh6 58. Kh4 Rb4 59. Rf6+
Kg7 60. Ra6 Rc4 61. h6+ Kh7 62. Kh5 Rc5+ 63. g5 Rb5 64. Rf6 Ra5 65. Rf7+ Kg8 66.
Re7 Rb5 67. Kg6 Rb8 68. Rg7+ Kh8 69. Rf7 Ra8 70. Re7 Rb8 71. Kf7 Rf8+ 72. Ke6
Kg8 73. Kd7 Rf5 74. g6 Rd5+ 75. Ke6 Rd8 76. Kf6 Ra8 77. Re5 Ra6+ 78. Kg5 Ra8 79.
Rf5 Rb8 80. h7+ Kh8 81. Kh6 Ra8 82. g7# 1-0

[Event "British Rapidplay"]
[Site "Halifax ENG"]
[Date "2010.11.21"]
[Round "9"]
[White "Palliser, Richard J D"]
[Black "Sherwin, James T"]
[Result "1/2-1/2"]
[WhiteTitle "IM"]
[BlackTitle "IM"]
[WhiteElo "2445"]
[BlackElo "2246"]
[WhiteFideId "407372"]
[BlackFideId "2000997"]
[EventDate "2010.11.20"]

1. d4 d5 2. c4 e6 3. Nf3 Nf6 4. Nc3 Be7 5. Bg5 h6 6. Bh4 Ne4 7. Bxe7 Qxe7 8. Qc2
Nxc3 9. bxc3 O-O 10. g3 c5 11. cxd5 exd5 12. Bg2 Nc6 13. O-O Bg4 14. e3 Rac8 15.
Qa4 Rfd8 16. Rab1 Bf5 17. Rb2 Be4 18. dxc5 Qxc5 19. Rxb7 Qxc3 20. Qb3 Qf6 21.
Qb2 Qxb2 22. Rxb2 d4 23. Nxd4 Bxg2 24. Kxg2 Nxd4 25. exd4 Rxd4 26. Re1 1/2-1/2

[Event "British Rapidplay"]
[Site "Halifax ENG"]
[Date "2010.11.21"]
[Round "9"]
[White "Haslinger, Stewart G"]
[Black "Rabbitte, Liam F"]
[Result "1-0"]
[WhiteTitle "GM"]
[WhiteElo "2543"]
[BlackElo "2034"]
[WhiteFideId "405248"]
[BlackFideId "470902"]
[EventDate "2010.11.20"]

1. e4 g6 2. d4 c6 3. Nc3 d6 4. Be3 Bg7 5. Qd2 Nd7 6. Nf3 b5 7. Bd3 Nb6 8. b3 Bg4
9. a4 b4 10. Ne2 a5 11. Rc1 Nf6 12. c3 bxc3 13. Qxc3 Bd7 14. h3 O-O 15. Qd2 d5
16. e5 Ne8 17. O-O Nc8 18. Bh6 Rb8 19. Rb1 f6 20. Bxg7 Kxg7 21. b4 axb4 22. Rxb4
Rxb4 23. Qxb4 fxe5 24. Nxe5 Ncd6 25. Rc1 Qc8 26. Qb6 Bf5 27. Rxc6 Qe6 28. Nf4
Qf6 29. Nxd5 Qg5 30. Nf3 Qh5 31. Bxf5 Nxf5 32. Nf4 Qh6 33. Ne6+ Kg8 34. Nxf8
Kxf8 35. Qb2 Qf4 36. a5 Qe4 37. Rc1 Nf6 38. a6 Nh5 39. Qb7 Qf4 40. Qc8+ Kg7 41.
a7 Nd6 42. Qc7 1-0

[Event "British Rapidplay"]
[Site "Halifax ENG"]
[Date "2010.11.21"]
[Round "9"]
[White "Woolley, Jos"]
[Black "Surtees, Mike J"]
[Result "1-0"]
[WhiteElo "2099"]
[BlackElo "2151"]
[WhiteFideId "410250"]
[BlackFideId "412619"]
[EventDate "2010.11.20"]

1. Nf3 c6 2. g3 f6 3. d4 e5 4. Nc3 d6 5. Bg2 g6 6. O-O Nh6 7. dxe5 dxe5 8. Ne4
Qxd1 9. Nxf6+ Ke7 10. Rxd1 Kxf6 11. Rd8 Nd7 12. Bxh6 e4 13. Bg5+ Kf7 14. Bh3 Nb6
15. Ne5+ Kg7 16. Bxc8 Rxc8 17. Rxc8 Nxc8 18. Rd1 Nd6 19. Nd7 Ne8 20. Bf4 Kf7 21.
Nxf8 Rxf8 22. Rd7+ Ke6 23. Rxb7 Nf6 24. Rxa7 Rd8 25. a4 h5 26. a5 Nd5 27. a6 h4
28. Kg2 Rh8 29. h3 hxg3 30. Bxg3 e3 31. Rb7 exf2 32. Kxf2 Rf8+ 33. Kg1 Ne3 34.
Bf2 Nxc2 35. a7 1-0

[Event "British Rapidplay"]
[Site "Halifax ENG"]
[Date "2010.11.21"]
[Round "9"]
[White "Burns-Mannion, Stephen R"]
[Black "Arnott, Jonathan W"]
[Result "1-0"]
[WhiteTitle "IM"]
[WhiteElo "2353"]
[BlackElo "2176"]
[WhiteFideId "2400111"]
[BlackFideId "408077"]
[EventDate "2010.11.20"]

1. e4 e6 2. d4 d5 3. Nd2 Nf6 4. e5 Nfd7 5. c3 c5 6. f4 Nc6 7. Ndf3 Qb6 8. a3 Be7
9. h4 f6 10. Bd3 O-O 11. Ne2 cxd4 12. cxd4 fxe5 13. fxe5 Kh8 14. Bc2 Ndxe5 15.
dxe5 Nxe5 16. Ned4 Bc5 17. Nxe5 Bxd4 18. Qh5 Bf2+ 19. Kd1 Qd4+ 20. Bd2 h6 21.
Ng6+ Kg8 22. Ne7+ Kh8 23. Qg6 1-0

[Event "British Rapidplay"]
[Site "Halifax ENG"]
[Date "2010.11.21"]
[Round "10"]
[White "Haslinger, Stewart G"]
[Black "Hebden, Mark L"]
[Result "0-1"]
[WhiteTitle "GM"]
[BlackTitle "GM"]
[WhiteElo "2543"]
[BlackElo "2560"]
[WhiteFideId "405248"]
[BlackFideId "400084"]
[EventDate "2010.11.20"]

1. e4 e5 2. Nf3 Nc6 3. d4 exd4 4. Nxd4 Nf6 5. Nxc6 bxc6 6. e5 Qe7 7. Qe2 Nd5 8.
c4 Nb6 9. Nc3 a5 10. Bd2 Qe6 11. Qe4 Bb4 12. Bd3 d5 13. exd6 cxd6 14. O-O-O Qxe4
15. Nxe4 O-O 16. Be3 Nxc4 17. Bxc4 d5 18. a3 Be7 19. Bxd5 cxd5 20. Nc3 Bf5 21.
Rxd5 Be6 22. Rb5 Rfc8 23. Bd4 a4 24. Re1 Bf8 25. g3 Bb3 26. g4 Rc4 27. Be5 Rxg4
28. Rb8 Rxb8 29. Bxb8 f5 30. Re5 g6 31. Ra5 Bh6+ 32. f4 Bxf4+ 33. Bxf4 Rxf4 34.
Kd2 Rf2+ 35. Ke3 Rxh2 36. Nxa4 Bxa4 37. Rxa4 Rxb2 38. Ra7 g5 39. Ra5 h6 40. Rxf5
Rb3+ 41. Ke4 Rxa3 42. Rb5 Kg7 43. Kf5 Rf3+ 44. Kg4 Rf4+ 45. Kg3 Kg6 46. Rb6+ Rf6
47. Rb8 h5 48. Rg8+ Kf5 49. Ra8 Re6 50. Rf8+ Kg6 51. Rg8+ Kf6 52. Rf8+ Kg7 53.
Rf5 Kg6 54. Rf8 Re3+ 55. Kf2 Ra3 56. Kg2 h4 57. Rb8 Kh5 58. Rb4 Ra2+ 59. Kg1 h3
60. Rc4 g4 61. Rc3 Kh4 62. Rc1 Rg2+ 63. Kh1 Rf2 64. Kg1 Rf4 65. Rc3 g3 66. Rc1
h2+ 67. Kh1 Kh3 0-1

[Event "British Rapidplay"]
[Site "Halifax ENG"]
[Date "2010.11.21"]
[Round "10"]
[White "Sherwin, James T"]
[Black "Summerscale, Aaron P"]
[Result "0-1"]
[WhiteTitle "IM"]
[BlackTitle "GM"]
[WhiteElo "2246"]
[BlackElo "2434"]
[WhiteFideId "2000997"]
[BlackFideId "400980"]
[EventDate "2010.11.20"]

1. d4 d5 2. c4 e6 3. Nf3 Nf6 4. g3 Bb4+ 5. Bd2 Be7 6. Bg2 O-O 7. O-O c6 8. Qc2
b6 9. Bf4 Nbd7 10. Nbd2 Nh5 11. Rac1 Nxf4 12. gxf4 Bb7 13. e3 Rc8 14. cxd5 cxd5
15. Qd3 Nb8 16. Qb1 Nc6 17. a3 a5 18. Rfe1 Ba6 19. Bf1 Bxf1 20. Rxf1 Qd7 21. Qd3
Qb7 22. Rc2 Na7 23. Rfc1 Rxc2 24. Rxc2 Bd6 25. Ng5 g6 26. Ngf3 a4 27. Ne5 b5 28.
Nb1 Kg7 29. Nc3 f6 30. Nf3 Qd7 31. Kh1 Rb8 32. Ne1 Nc8 33. Qd1 Nb6 34. Nd3 Nc4
35. Na2 Rc8 36. Nab4 Qb7 37. Qf3 Kf7 38. Qh3 h5 39. Qf3 Nb6 40. f5 exf5 41. Rxc8
Qxc8 42. Nxd5 Qb7 43. e4 Nxd5 44. exd5 Qe7 45. Kg2 Qe4 46. Qxe4 fxe4 47. Nc5 f5
48. f3 exf3+ 49. Kxf3 g5 50. h3 g4+ 51. hxg4 fxg4+ 52. Kf2 h4 53. Ne4 Bf4 54.
Nc3 h3 55. d6 g3+ 56. Kf3 g2 57. Ne2 Bxd6 58. Ng1 h2 59. Kxg2 hxg1=Q+ 60. Kxg1
Ke6 61. Kf2 Kd5 62. Ke3 Bf8 63. Kd3 Bg7 64. Kc3 Bxd4+ 65. Kb4 Kc6 66. b3 Bc5+ 0-1

[Event "British Rapidplay"]
[Site "Halifax ENG"]
[Date "2010.11.21"]
[Round "10"]
[White "Hart, David P O"]
[Black "Palliser, Richard J D"]
[Result "0-1"]
[BlackTitle "IM"]
[WhiteElo "2018"]
[BlackElo "2445"]
[WhiteFideId "412465"]
[BlackFideId "407372"]
[EventDate "2010.11.20"]

1. e4 c5 2. Nf3 d6 3. d4 cxd4 4. Nxd4 Nf6 5. Nc3 a6 6. Be3 Ng4 7. Bg5 h6 8. Bh4
g5 9. Bg3 Bg7 10. Qd2 Nc6 11. Nb3 Be6 12. O-O-O Rc8 13. Nd5 a5 14. Bb5 O-O 15.
Kb1 Nf6 16. Nxf6+ Bxf6 17. h4 g4 18. Qxh6 Qb6 19. c4 Na7 20. Rxd6 Qxd6 21. Bxd6
Bg7 22. Qg5 exd6 23. h5 Kh7 24. f4 gxf3 25. gxf3 Nxb5 26. cxb5 a4 27. Nc1 Rc5
28. Qd2 Rxb5 29. Nd3 Bxb2 30. Nxb2 a3 31. Qd3 Rxb2+ 32. Kc1 Rc8+ 33. Kd1 Bxa2
34. e5+ Kh8 0-1

[Event "British Rapidplay"]
[Site "Halifax ENG"]
[Date "2010.11.21"]
[Round "10"]
[White "Shaw, Peter"]
[Black "Kostic, Misa"]
[Result "1-0"]
[WhiteElo "2166"]
[BlackElo "2246"]
[WhiteFideId "411361"]
[BlackFideId "929662"]
[EventDate "2010.11.20"]

1. d4 d5 2. c4 dxc4 3. Nf3 Nf6 4. Nc3 c5 5. d5 e6 6. e4 Nxe4 7. Nxe4 exd5 8. Ng3
Be7 9. Be2 O-O 10. O-O Nc6 11. Bf4 Bf6 12. Qd2 b5 13. Nh5 Bd4 14. Nxd4 cxd4 15.
Bh6 f6 16. Bxg7 Rf7 17. Qh6 Bf5 18. Nxf6+ Rxf6 19. Bxf6 Qd7 20. Bf3 Be4 21. Rfe1
Re8 22. Bh5 Re6 23. f3 Rxf6 24. Qxf6 Bg6 25. Bxg6 hxg6 26. Qxg6+ Kf8 27. Qf6+
Kg8 28. Re6 Qd8 1-0

[Event "British Rapidplay"]
[Site "Halifax ENG"]
[Date "2010.11.21"]
[Round "11"]
[White "Burns-Mannion, Stephen R"]
[Black "Howell, David W L"]
[Result "0-1"]
[WhiteTitle "IM"]
[BlackTitle "GM"]
[WhiteElo "2353"]
[BlackElo "2611"]
[WhiteFideId "2400111"]
[BlackFideId "410608"]
[EventDate "2010.11.20"]

1. e4 e5 2. Nf3 Nc6 3. Bb5 Nf6 4. O-O Nxe4 5. Qe2 Nd6 6. Bxc6 dxc6 7. Qxe5+ Qe7
8. Qa5 Qd7 9. Re1+ Be7 10. Qg5 Nf5 11. g4 Nd6 12. h3 Kf8 13. Qf4 h5 14. Ne5 Qe6
15. Re3 g5 16. Qd4 Qh6 17. Rf3 f6 18. d3 Kg7 19. Bd2 Nb5 20. Qc4 Rf8 21. Nxc6
bxc6 22. Qxc6 Nd4 23. Qxa8 Bxg4 24. Qe4 Nxf3+ 25. Kg2 Nh4+ 26. Kg1 Nf3+ 27. Kg2
Bc5 28. Qc6 Nh4+ 29. Kg1 Nf3+ 30. Kg2 Bb6 31. Bb4 Rf7 32. Nc3 Nd4 33. Qe8 Bf3+
34. Kg1 Nxc2 35. Re1 Nxe1 36. Qxe1 Qg6 37. Qd2 Qf5 0-1

[Event "British Rapidplay"]
[Site "Halifax ENG"]
[Date "2010.11.21"]
[Round "11"]
[White "Hebden, Mark L"]
[Black "Palliser, Richard J D"]
[Result "0-1"]
[WhiteTitle "GM"]
[BlackTitle "IM"]
[WhiteElo "2560"]
[BlackElo "2445"]
[WhiteFideId "400084"]
[BlackFideId "407372"]
[EventDate "2010.11.20"]

1. d4 Nf6 2. Nf3 g6 3. Nc3 d5 4. Bf4 Bg7 5. e3 O-O 6. Be2 c5 7. Ne5 Nc6 8. O-O
cxd4 9. Nxc6 bxc6 10. exd4 Nd7 11. Na4 e5 12. Be3 Re8 13. Re1 exd4 14. Bxd4 Bxd4
15. Qxd4 Re4 16. Qc3 Rxa4 17. Qxc6 Nb6 18. b3 Re4 19. Bd3 Re6 20. Qc5 Rxe1+ 21.
Rxe1 Be6 22. a4 Rc8 23. Qd4 a5 24. h4 Nd7 25. h5 Qf6 26. Qa7 Ne5 27. hxg6 hxg6
28. Qxa5 Nxd3 29. cxd3 Qc3 30. Qxc3 Rxc3 31. Rb1 Bf5 32. b4 Bxd3 33. Rb2 Rc2 34.
Rb1 Ra2 35. Rd1 Bc4 36. a5 Rb2 37. a6 Bxa6 38. Rxd5 Rxb4 39. f3 Kg7 40. Rd6 Rb1+
41. Kh2 Bf1 42. Rd2 g5 43. Kg3 Kg6 44. f4 Rb3+ 45. Kf2 Bb5 46. fxg5 Kxg5 47. Rc2
Bd3 48. Rd2 Be4 49. Kg1 Rc3 50. Rd4 f5 51. Rd8 Kf4 52. Rg8 Rg3 0-1